[Event "Lichtenberger Sommer 2023"]
[Site "Berlin"]
[Date "2023.08.19"]
[Round "8.62"]
[White "Krüger, Ekkehard"]
[Black "Winkler, Michael"]
[Result "1-0"]
[WhiteElo "1842"]
[BlackElo "1642"]
[Annotator "Luca"]
[PlyCount "67"]
[EventDate "2023.??.??"]
[WhiteTeam "SG NARVA Berlin e.V."]
[BlackTeam "ESV 1949 Eberswalde e.V."]

1. c4 e5 2. Nc3 Nf6 3. g3 Nc6 4. Bg2 Bc5 5. a3 O-O 6. b4 Be7 7. Nf3 d6 8. O-O
a5 9. b5 Nd4 10. e3 Ne6 11. d3 Rb8 12. Qc2 b6 13. d4 exd4 14. exd4 Bb7 15. Rd1
d5 16. Ne5 dxc4 17. Bxb7 Rxb7 18. Nc6 Qd7 19. Be3 Bd6 20. Qe2 Re8 21. Qxc4 Ng4
22. Qd5 Nxe3 23. fxe3 Nd8 24. Nxd8 Rb8 25. Nc6 Ra8 26. e4 Qg4 27. e5 Bf8 28.
Rf1 Qg6 29. Qf3 h5 30. Nd5 Rac8 31. Ra2 h4 32. Rg2 h3 33. Re2 Re6 34. Nf4 1-0

[Event "Lichtenberger Sommer 2023"]
[Site "Berlin"]
[Date "2023.08.19"]
[Round "8.63"]
[White "Teusch, Lucas"]
[Black "Kohlmeyer, Dagobert"]
[Result "0-1"]
[WhiteElo "1605"]
[BlackElo "1840"]
[PlyCount "128"]
[EventDate "2023.??.??"]
[WhiteTeam "Leegebrucher SF"]
[BlackTeam "SG Weißensee 49 e.V."]

1. Nc3 Nf6 2. d4 d5 3. Nf3 e6 4. g3 c5 5. e3 Nc6 6. Bg2 cxd4 7. exd4 Bb4 8. O-O
O-O 9. Ne2 Bd6 10. Bf4 Nh5 11. Bxd6 Qxd6 12. Nc1 Nf6 13. Nd3 Rd8 14. Re1 b6 15.
c3 Ba6 16. Nfe5 Bxd3 17. Qxd3 Rac8 18. Bh3 Qc7 19. f4 Ne4 20. Bg2 f5 21. Bxe4
Nxe5 22. fxe5 dxe4 23. Qb5 Qb7 24. Kf2 Qf7 25. Ke3 Qh5 26. Qe2 Qg5+ 27. Kf2 h5
28. h4 Qg4 29. Qxg4 hxg4 30. Ke3 Kf7 31. a4 Rh8 32. Kf4 g6 33. a5 b5 34. Rec1
Rc7 35. Rc2 Rhc8 36. Rac1 Rc6 37. b4 a6 38. Ke3 Kg7 39. Kd2 Kh6 40. Rf1 Rh8 41.
Rh1 Kh5 42. Rcc1 Rcc8 43. Rh2 Rcf8 44. Ke3 g5 45. hxg5+ Kxg5 46. Rch1 Rxh2 47.
Rxh2 Rc8 48. Rc2 Rh8 49. d5 exd5 50. Kd4 f4 51. gxf4+ Kxf4 52. Rf2+ Kg3 53. Rf6
Kg2 54. e6 g3 55. Kxd5 e3 56. e7 Re8 57. Re6 Kf2 58. Rf6+ Ke1 59. Kd6 g2 60.
Rg6 Kf2 61. Rf6+ Kg3 62. Rg6+ Kf3 63. Kd7 Rxe7+ 64. Kxe7 e2 0-1

[Event "Lichtenberger Sommer 2023"]
[Site "Berlin"]
[Date "2023.08.19"]
[Round "8.64"]
[White "Willich, Manfred"]
[Black "von Huebschmann, Andreas"]
[Result "1-0"]
[WhiteElo "1837"]
[BlackElo "1617"]
[PlyCount "103"]
[EventDate "2023.??.??"]
[WhiteTeam "SK Turm Bad Hersfeld"]
[BlackTeam "vereinslos"]

1. d4 g6 2. Nf3 Bg7 3. e4 d6 4. c3 Nf6 5. Bd3 Bg4 6. Nbd2 O-O 7. Qb3 Nbd7 8. h3
Bxf3 9. Nxf3 e5 10. O-O exd4 11. cxd4 b6 12. Bf4 Nh5 13. Be3 c5 14. Rad1 cxd4
15. Nxd4 Nc5 16. Qc2 Nf6 17. b4 Nxd3 18. Qxd3 Re8 19. f3 d5 20. Nc6 Qc7 21.
exd5 Nxd5 22. Qxd5 Rxe3 23. Ne7+ Qxe7 24. Qxa8+ Bf8 25. b5 Qc5 26. Kh1 Ra3 27.
Qc6 Rxa2 28. Qxc5 Bxc5 29. Ra1 Rb2 30. Rfb1 Re2 31. Rxa7 Re6 32. Rc7 Re5 33.
Rd7 Kf8 34. Rdd1 h5 35. Re1 f6 36. Rxe5 fxe5 37. g4 hxg4 38. hxg4 Ke7 39. Kg2
g5 40. Kf1 Ke6 41. Ke2 Kd5 42. Kd3 Bd4 43. Rc1 Bc5 44. Rc4 Bd4 45. Rc8 Bc5 46.
Rc6 Bf2 47. Rg6 Bh4 48. Rxb6 Kc5 49. Rb8 Bg3 50. Ke4 Kd6 51. Rc8 Kd7 52. Rc2
1-0

[Event "Lichtenberger Sommer 2023"]
[Site "Berlin"]
[Date "2023.08.19"]
[Round "8.65"]
[White "Sklorz, Tobias"]
[Black "Kandeler, Christian"]
[Result "0-1"]
[WhiteElo "1658"]
[BlackElo "1804"]
[PlyCount "60"]
[EventDate "2023.??.??"]
[WhiteTeam "Tempelhofer SV Mariendorf 1897"]
[BlackTeam "TSG Oberschöneweide e.V."]

1. e4 c6 2. d4 d5 3. Nc3 dxe4 4. Nxe4 Nf6 5. Nxf6+ exf6 6. c3 Bd6 7. Bd3 O-O 8.
Qc2 Re8+ 9. Ne2 h5 10. O-O h4 11. h3 Nd7 12. Be3 Nf8 13. Bf5 Qa5 14. Bxc8 Raxc8
15. c4 Ng6 16. a3 Bb8 17. Qd3 Qc7 18. f4 Re7 19. Rf3 Rce8 20. Raf1 Qd6 21. c5
Qd5 22. Nc3 Qd7 23. f5 Ne5 24. Qe2 Nxf3+ 25. Rxf3 Qc7 26. Qf2 Qh2+ 27. Kf1 Qh1+
28. Ke2 Bg3 29. Rxg3 hxg3 30. Qxg3 Rxe3+ 0-1

[Event "Lichtenberger Sommer 2023"]
[Site "Berlin"]
[Date "2023.08.19"]
[Round "8.66"]
[White "Hildebrand, Jörg"]
[Black "Mayer, Herbert"]
[Result "1/2-1/2"]
[WhiteElo "1552"]
[BlackElo "1738"]
[PlyCount "64"]
[EventDate "2023.??.??"]
[WhiteTeam "SF Berlin 1903 e.V."]
[BlackTeam "SSV Rotation Berlin e.V."]

1. e4 c5 2. Nf3 a6 3. d4 cxd4 4. Nxd4 Nf6 5. Nc3 e5 6. Nf3 Bb4 7. Bd3 O-O 8.
Bd2 d6 9. a3 Bc5 10. O-O Nc6 11. b4 Ba7 12. Nd5 Nxd5 13. exd5 Ne7 14. c4 h6 15.
Qb3 Bf5 16. Bxf5 Nxf5 17. Bc3 Nh4 18. Bb2 Nxf3+ 19. Qxf3 Qh4 20. Rac1 Rac8 21.
Qe2 Bd4 22. g3 Qf6 23. Bxd4 exd4 24. Rfd1 Rc7 25. Qd3 Rfc8 26. a4 b5 27. axb5
axb5 28. Qxd4 Rxc4 29. Rxc4 Rxc4 30. Qd2 Qf3 31. Re1 Re4 32. Rxe4 Qxe4 1/2-1/2

[Event "Lichtenberger Sommer 2023"]
[Site "Berlin"]
[Date "2023.08.19"]
[Round "8.67"]
[White "Janoschka, Julien"]
[Black "Regel, Michael"]
[Result "1/2-1/2"]
[WhiteElo "1480"]
[BlackElo "1722"]
[PlyCount "52"]
[EventDate "2023.??.??"]
[WhiteTeam "SF Nordost Berlin"]
[BlackTeam "SC Friesen Lichtenberg e.V."]

1. Nc3 d5 2. e4 d4 3. Nce2 e5 4. Ng3 g6 5. Bc4 Bg7 6. d3 Nc6 7. Nf3 Na5 8. Bb3
Nxb3 9. axb3 Ne7 10. Qe2 O-O 11. O-O Qd6 12. Re1 Bg4 13. h3 Bxf3 14. Qxf3 c5
15. Bd2 Nc6 16. Qe2 Rae8 17. Rf1 f5 18. exf5 gxf5 19. Qh5 Qg6 20. Qxg6 hxg6 21.
f3 Bf6 22. Be1 Bg5 23. Bf2 a6 24. c3 Re7 25. Rfd1 Rfe8 26. Ra4 Re6 1/2-1/2

[Event "Lichtenberger Sommer 2023"]
[Site "Berlin"]
[Date "2023.08.19"]
[Round "8.68"]
[White "Sakalli, Selcuk Orkun"]
[Black "Morper, Justus"]
[Result "1-0"]
[WhiteElo "1706"]
[BlackElo "1432"]
[PlyCount "57"]
[EventDate "2023.??.??"]
[WhiteTeam "SC Zugzwang 95 e.V."]
[BlackTeam "SV Mattnetz Berlin e.V."]

1. d4 d5 2. c4 e6 3. Nc3 Bb4 4. Nf3 Bxc3+ 5. bxc3 Nf6 6. Bg5 O-O 7. Ne5 Nbd7 8.
f3 Qe8 9. Nxd7 Nxd7 10. e4 dxe4 11. fxe4 e5 12. Bd3 f5 13. O-O exd4 14. cxd4
fxe4 15. Re1 Nf6 16. Bxf6 Rxf6 17. Bxe4 Kh8 18. Bxb7 Be6 19. d5 Rb8 20. Ba6 Qg6
21. dxe6 Rxe6 22. Rxe6 Qxe6 23. Rb1 Rxb1 24. Qxb1 Qb6+ 25. Qxb6 axb6 26. Kf2 g5
27. Ke3 Kg7 28. Ke4 c6 29. Ke5 1-0

[Event "Lichtenberger Sommer 2023"]
[Site "Berlin"]
[Date "2023.08.19"]
[Round "8.69"]
[White "Udod, Oleksandra"]
[Black "Glienke, Michael"]
[Result "0-1"]
[WhiteElo "845"]
[BlackElo "1692"]
[PlyCount "42"]
[EventDate "2023.??.??"]
[WhiteTeam "SK Zehlendorf e.V."]
[BlackTeam "SC Kreuzberg e.V."]

1. c4 e5 2. Nc3 Nf6 3. g3 Bc5 4. Bg2 Ng4 5. e3 d6 6. Nge2 h5 7. d4 exd4 8. exd4
Bb6 9. O-O h4 10. h3 hxg3 11. fxg3 Nf6 12. Bg5 Bxh3 13. Nf4 Bxg2 14. Qe2+ Kf8
15. Nxg2 Bxd4+ 16. Ne3 Qd7 17. Rae1 Nc6 18. Nb5 Bc5 19. Bxf6 gxf6 20. Rxf6 Re8
21. Qf3 Ne5 0-1

[Event "Lichtenberger Sommer 2023"]
[Site "Berlin"]
[Date "2023.08.19"]
[Round "8.70"]
[White "Grassi, Fabrizio"]
[Black "Vaz da Cruz, Vinicius"]
[Result "1-0"]
[WhiteElo "1878"]
[BlackElo "1600"]
[PlyCount "129"]
[EventDate "2023.??.??"]
[WhiteTeam "SV Berlin-Friedrichstadt"]
[BlackTeam "SSV Rotation Berlin e.V."]

1. d4 Nf6 2. Bf4 c5 3. e3 Qb6 4. Na3 cxd4 5. exd4 Nd5 6. Bc1 Nc6 7. c3 d6 8.
Nf3 g6 9. Bd3 Bg7 10. O-O O-O 11. Nc4 Qc7 12. Re1 a6 13. a4 Nb6 14. Nxb6 Qxb6
15. h3 e5 16. dxe5 dxe5 17. Qe2 Bd7 18. Bc4 Rad8 19. Be3 Qc7 20. Bc5 e4 21. Ng5
Ne5 22. Bxf8 Rxf8 23. Bd5 Nd3 24. Red1 Nf4 25. Qxe4 Nxd5 26. Qxd5 Bc6 27. Qd3
Qf4 28. Qe3 Qf5 29. Re1 Bh6 30. f4 Bg7 31. Rad1 h6 32. Nf3 Re8 33. Qf2 Rxe1+
34. Nxe1 Bf6 35. Rd6 Be7 36. Rxc6 bxc6 37. Qd2 Qd5 38. Qxd5 cxd5 39. Nd3 a5 40.
b4 d4 41. cxd4 axb4 42. Nc1 Bd8 43. Kf2 f5 44. Nb3 Bb6 45. Ke3 Kf7 46. a5 Ba7
47. Kd3 Bb8 48. a6 Ke7 49. Kc4 Kd6 50. Kxb4 Kd5 51. Kb5 Ba7 52. g3 h5 53. h4
Kd6 54. Kc4 Bb6 55. Nc5 Kc6 56. Nd3 Bd8 57. Ne5+ Kb6 58. Nxg6 Kxa6 59. Kd5 Kb5
60. Ke5 Kc6 61. d5+ Kd7 62. Kxf5 Kd6 63. Ke4 Bf6 64. Ne5 Ke7 65. Kf5 1-0

[Event "Lichtenberger Sommer 2023"]
[Site "Berlin"]
[Date "2023.08.19"]
[Round "8.71"]
[White "Rosmait, Emily"]
[Black "Lotzmanov, Peter"]
[Result "1-0"]
[WhiteElo "1855"]
[BlackElo "1591"]
[PlyCount "81"]
[EventDate "2023.??.??"]
[WhiteTeam "TuRa Harksheide von 1945 Norders"]
[BlackTeam "BSG Stahl Eisenhüttenstadt e.V."]

1. e4 d6 2. d4 Nf6 3. Bd3 g6 4. Ne2 e5 5. c3 Bg7 6. O-O O-O 7. f3 c6 8. Be3
Nbd7 9. Qd2 Re8 10. a4 a5 11. b4 d5 12. exd5 Nxd5 13. Bf2 axb4 14. c4 Nc3 15.
Nbxc3 bxc3 16. Qxc3 c5 17. Be4 exd4 18. Qb3 Ra6 19. Nf4 Rb6 20. Qa3 Rb4 21. Bd5
Ne5 22. Rfc1 Qc7 23. Bg3 Bf5 24. Ra2 Bh6 25. Raa1 g5 26. Nh5 Bg7 27. Nxg7 Kxg7
28. Re1 f6 29. f4 Nxc4 30. Rxe8 Qd7 31. Rg8+ Kh6 32. fxg5+ fxg5 33. Bxc4 Rxc4
34. Qf3 Rc3 35. Qf2 Rc2 36. Qf1 Qf7 37. Rd8 b6 38. Rd6+ Kg7 39. Re1 Qb7 40.
Be5+ Kg8 41. Rd8+ 1-0

[Event "Lichtenberger Sommer 2023"]
[Site "Berlin"]
[Date "2023.08.19"]
[Round "8.72"]
[White "Berndt, Ronson"]
[Black "Schumacher, Gerhard"]
[Result "1-0"]
[WhiteElo "1544"]
[BlackElo "1776"]
[PlyCount "73"]
[EventDate "2023.??.??"]
[WhiteTeam "SC Borussia Lichtenberg"]
[BlackTeam "Gardez Robe"]

1. e4 d6 2. d4 Nf6 3. Bd3 e5 4. Ne2 Be7 5. c4 Nbd7 6. Nbc3 c6 7. Be3 O-O 8. O-O
a6 9. Qd2 Ng4 10. b3 Nxe3 11. fxe3 Nf6 12. Ng3 g6 13. d5 h5 14. h3 Nh7 15. Be2
h4 16. Nh1 c5 17. Nf2 f5 18. exf5 gxf5 19. e4 Bg5 20. Qc2 f4 21. Bg4 Bxg4 22.
Nxg4 Nf6 23. Qe2 Nh7 24. a3 Rb8 25. b4 cxb4 26. Nd1 Qb6+ 27. Kh1 Qd4 28. Ndf2
bxa3 29. Rxa3 Rfc8 30. Rc1 f3 31. Rxf3 Bxc1 32. Nf6+ Nxf6 33. Rxf6 Kg7 34. Rxd6
Bg5 35. Qg4 Qe3 36. Rd7+ Kg8 37. Qe6+ 1-0

[Event "Lichtenberger Sommer 2023"]
[Site "Berlin"]
[Date "2023.08.19"]
[Round "8.73"]
[White "Koerber, Bernhard"]
[Black "Schilling, Hans"]
[Result "0-1"]
[WhiteElo "1451"]
[BlackElo "1763"]
[PlyCount "54"]
[EventDate "2023.??.??"]
[WhiteTeam "SG Lasker Stegli"]
[BlackTeam "SF Nordost Berlin"]

1. e4 e6 2. d4 d5 3. Nc3 dxe4 4. Nxe4 Nd7 5. Be3 Ngf6 6. Nc3 a6 7. Bd3 c5 8.
Nge2 Be7 9. O-O O-O 10. h3 cxd4 11. Nxd4 Nc5 12. Nf3 Nxd3 13. cxd3 b5 14. a3
Bb7 15. d4 Qd6 16. Qe2 Rfe8 17. Rfd1 Ne4 18. Nxe4 Bxe4 19. Bg5 Bxf3 20. Bxe7
Bxe2 21. Bxd6 Bxd1 22. Rxd1 Red8 23. Bc5 f6 24. f4 Rd5 25. Bb4 e5 26. fxe5 fxe5
27. Bc3 Rad8 0-1

[Event "Lichtenberger Sommer 2023"]
[Site "Berlin"]
[Date "2023.08.19"]
[Round "8.74"]
[White "Adamski, Adam"]
[Black "Hafermann, Lara"]
[Result "1-0"]
[WhiteElo "1761"]
[BlackElo "1590"]
[PlyCount "119"]
[EventDate "2023.??.??"]
[WhiteTeam "Sparta Bialoleka"]
[BlackTeam "SC Borussia Lichtenberg"]

1. e4 d5 2. exd5 Qxd5 3. Nc3 Qd6 4. d4 Nf6 5. Nf3 c6 6. Ne5 Nbd7 7. f4 Nb6 8.
Be2 h5 9. Be3 Bf5 10. Qd2 e6 11. O-O-O Qc7 12. Bd3 O-O-O 13. Qf2 Bd6 14. h3
Nbd5 15. Ne2 Rhe8 16. Ng3 Bxd3 17. Nxd3 Nxe3 18. Qxe3 Nd5 19. Qf2 Nxf4 20. Ne4
Nxd3+ 21. Rxd3 f5 22. Nxd6+ Rxd6 23. Re1 Qf7 24. Ra3 a6 25. Qf4 Red8 26. c3 Qf6
27. Ra5 Rd5 28. Rxd5 Rxd5 29. Qe3 Kd7 30. Qg3 f4 31. Qf3 Rg5 32. Re4 Rf5 33. a3
Qh4 34. Qe2 Rf6 35. Re5 g5 36. Qe4 Rh6 37. c4 Qg3 38. d5 cxd5 39. cxd5 Qe3+ 40.
Qxe3 fxe3 41. Rxg5 exd5 42. Rxd5+ Ke6 43. Rd3 Kf5 44. Rxe3 h4 45. Re7 b5 46.
Rg7 Kf4 47. Rg4+ Ke3 48. Kc2 Rh5 49. g3 hxg3 50. Rxg3+ Kf2 51. Rd3 Kg2 52. Kc3
a5 53. Kd4 b4 54. axb4 Rh4+ 55. Kc3 axb4+ 56. Kb3 Kh2 57. Ka4 b3+ 58. Kxb3 Rxh3
59. Rxh3+ Kxh3 60. Kc4 1-0

[Event "Lichtenberger Sommer 2023"]
[Site "Berlin"]
[Date "2023.08.19"]
[Round "8.75"]
[White "Schilly, Hans-Joachim"]
[Black "Franz, Jonathan"]
[Result "1-0"]
[WhiteElo "1687"]
[BlackElo "1537"]
[PlyCount "89"]
[EventDate "2023.??.??"]
[WhiteTeam "SF Siemensstadt"]
[BlackTeam "Potsdamer SV Mitte e.V."]

1. c4 b6 2. d4 Bb7 3. e3 Nf6 4. Nf3 e6 5. Nc3 Bb4 6. Bd2 O-O 7. Bd3 d6 8. a3
Bxc3 9. Bxc3 Ne4 10. Rc1 Nd7 11. O-O f5 12. Be2 Ndf6 13. b4 Nxc3 14. Rxc3 Ne4
15. Rc1 c5 16. b5 Qe7 17. Qb3 g5 18. Rfd1 g4 19. Ne1 Qh4 20. g3 Qh5 21. Ng2 Ng5
22. Nf4 Qh6 23. d5 e5 24. Ng2 Nf3+ 25. Bxf3 gxf3 26. Nh4 e4 27. Qc3 Qg5 28. Kh1
Rf6 29. Rg1 Rff8 30. a4 Kf7 31. a5 Qf6 32. Qd2 Bc8 33. Rc2 Bd7 34. Ra2 Rg8 35.
Rc1 Rg4 36. axb6 Qg7 37. Qc3 Qg8 38. b7 Rb8 39. Rxa7 Rxh4 40. Ra8 Rg4 41. Qa5
Qe8 42. Qc7 Rg8 43. Rxb8 Qxb8 44. Qxd7+ Kg6 45. Qe6+ 1-0

[Event "Lichtenberger Sommer 2023"]
[Site "Berlin"]
[Date "2023.08.19"]
[Round "8.77"]
[White "Pöltelt, Helmut"]
[Black "Geiß, Anne"]
[Result "1-0"]
[WhiteElo "1673"]
[BlackElo "1437"]
[PlyCount "85"]
[EventDate "2023.??.??"]
[WhiteTeam "SC Eintracht Berlin e.V."]
[BlackTeam "SC Kreuzberg e.V."]

1. e4 c5 2. Nc3 e6 3. Bc4 a6 4. a4 Nc6 5. Nf3 Nge7 6. d4 d5 7. exd5 exd5 8. Be2
c4 9. Bg5 g6 10. Bf6 Rg8 11. O-O Bg7 12. Bxg7 Rxg7 13. h3 Nf5 14. Qd2 Be6 15.
Bd1 f6 16. Ne2 Re7 17. c3 Kf8 18. g4 Rg7 19. Nf4 Bg8 20. gxf5 gxf5+ 21. Kh1 a5
22. Bc2 Qd7 23. Rg1 Re8 24. Rxg7 Kxg7 25. Rg1+ Kh8 26. Re1 Rxe1+ 27. Qxe1 Ne7
28. Qe3 Qd6 29. Nh5 Qd7 30. Nxf6 f4 31. Qxf4 Qxh3+ 32. Kg1 Ng6 33. Bxg6 hxg6
34. Qh4+ Qxh4 35. Nxh4 g5 36. Ng2 Be6 37. Ne3 Kg7 38. Nfxd5 Bxd5 39. Nxd5 Kf7
40. Nb6 Ke6 41. Nxc4 g4 42. Kg2 Kd5 43. Ne3+ 1-0

[Event "Lichtenberger Sommer 2023"]
[Site "Berlin"]
[Date "2023.08.19"]
[Round "8.78"]
[White "Zesewitz, Marco"]
[Black "Müller, Johannes"]
[Result "1-0"]
[WhiteElo "1427"]
[BlackElo "1651"]
[PlyCount "49"]
[EventDate "2023.??.??"]
[WhiteTeam "SV SF Friedrichshagen"]
[BlackTeam "SC Eintracht Berlin e.V."]

1. e4 c6 2. Nf3 d5 3. Nc3 Bg4 4. h3 Bh5 5. d4 dxe4 6. Nxe4 Bxf3 7. Qxf3 Qxd4 8.
c3 Qd8 9. Bc4 Nf6 10. O-O Nbd7 11. Qf5 g6 12. Bxf7+ Kxf7 13. Ng5+ Ke8 14. Qe6
Qc7 15. Qf7+ Kd8 16. Ne6+ Kc8 17. Nxc7 Kxc7 18. Qe6 Bg7 19. Qxe7 Rhg8 20. Bf4+
Kc8 21. Rfe1 b6 22. c4 Kb7 23. Rad1 Rad8 24. Qd6 Rc8 25. Re7 1-0

[Event "Lichtenberger Sommer 2023"]
[Site "Berlin"]
[Date "2023.08.19"]
[Round "8.79"]
[White "Christen, Jan"]
[Black "Nguyen, Viet Anh"]
[Result "1-0"]
[WhiteElo "1604"]
[BlackElo "1425"]
[PlyCount "51"]
[EventDate "2023.??.??"]
[WhiteTeam "Barnimer SF im SV Sta"]
[BlackTeam "SC Friesen Lichtenberg e.V."]

1. d4 d5 2. c4 e6 3. Nf3 Nf6 4. g3 Be7 5. Bg2 O-O 6. O-O dxc4 7. Qc2 a6 8. a4
Nbd7 9. Nbd2 Rb8 10. Nxc4 b5 11. Na5 Bb7 12. Nxb7 Rxb7 13. Ne5 Nd5 14. Qc6 Nxe5
15. Qxb7 Ng6 16. Qxa6 bxa4 17. Bxd5 Qxd5 18. Rxa4 Qh5 19. Qd3 Qh3 20. Qe4 h5
21. Bf4 Nxf4 22. Qxf4 Bd6 23. Qf3 g5 24. d5 Kh7 25. Qf6 h4 26. Qxg5 1-0

[Event "Lichtenberger Sommer 2023"]
[Site "Berlin"]
[Date "2023.08.19"]
[Round "8.81"]
[White "Bade, Heidrun"]
[Black "Reekers, Anton"]
[Result "1/2-1/2"]
[WhiteElo "1722"]
[BlackElo "1508"]
[PlyCount "51"]
[EventDate "2023.??.??"]
[WhiteTeam "USV Potsdam e.V., Abt. Schach"]
[BlackTeam "SC Kreuzberg e.V."]

1. e4 c5 2. Nf3 g6 3. d4 cxd4 4. Nxd4 Nc6 5. Be3 Bg7 6. c3 Nf6 7. f3 d5 8. exd5
Nxd5 9. Nxc6 bxc6 10. Bf2 O-O 11. Bc4 Bh8 12. Qd2 Nb6 13. Bb3 Ba6 14. Qxd8
Rfxd8 15. Nd2 Rd7 16. Ne4 Rdd8 17. Be3 e6 18. Bg5 Rdc8 19. Nd6 Rc7 20. Bf4 Rd7
21. Nxf7 Rf8 22. Ne5 Rd6 23. Nxg6 Rxf4 24. Nxf4 Nd5 25. Ne2 Ne3 26. Kf2 1/2-1/2

[Event "Lichtenberger Sommer 2023"]
[Site "Berlin"]
[Date "2023.08.19"]
[Round "8.82"]
[White "Engelhardt, Erhard"]
[Black "Hauer, Benno"]
[Result "0-1"]
[WhiteElo "1709"]
[BlackElo "1330"]
[PlyCount "38"]
[EventDate "2023.??.??"]
[WhiteTeam "SSV Rotation Berlin e.V."]
[BlackTeam "SVG Saarbrücken 1970 e.V."]

1. f4 d6 2. Nf3 Nc6 3. d3 e5 4. e4 Bg4 5. Be2 Nf6 6. h3 Bxf3 7. Bxf3 d5 8. fxe5
Nxe5 9. Bg5 Nxf3+ 10. gxf3 b6 11. Bxf6 Qxf6 12. c3 Qh4+ 13. Ke2 O-O-O 14. Nd2
dxe4 15. Nxe4 f5 16. Nf2 Re8+ 17. Kf1 Bd6 18. Qc2 Re3 19. Qd1 Rhe8 0-1

[Event "Lichtenberger Sommer 2023"]
[Site "Berlin"]
[Date "2023.08.19"]
[Round "8.83"]
[White "Bunkens, Rudi"]
[Black "Hildebrand, Azat"]
[Result "1-0"]
[WhiteElo "1694"]
[BlackElo "1419"]
[PlyCount "61"]
[EventDate "2023.??.??"]
[WhiteTeam "Koninklijke Gentse SK"]
[BlackTeam "SC Borussia Lichtenberg"]

1. d4 a6 2. c4 c6 3. Nc3 d5 4. e4 e6 5. e5 Nd7 6. Nf3 h6 7. a3 dxc4 8. Bxc4 b5
9. Bb3 Bb7 10. O-O c5 11. Be3 cxd4 12. Bxd4 Rc8 13. Re1 Ne7 14. Ne4 Nf5 15. Bc3
Qb6 16. g4 Bxe4 17. Rxe4 Qc6 18. Rf4 g5 19. Rxf5 exf5 20. gxf5 Nc5 21. Bd5 Qd7
22. e6 fxe6 23. fxe6 Nxe6 24. Ne5 Qd6 25. Qh5+ Ke7 26. Qf7+ Kd8 27. Ba5+ Nc7
28. Nc6+ Qxc6 29. Bxc6 Be7 30. Rd1+ Bd6 31. Qd7# 1-0

[Event "Lichtenberger Sommer 2023"]
[Site "Berlin"]
[Date "2023.08.19"]
[Round "8.84"]
[White "Kellner, Rene"]
[Black "Krawczyk, Harald"]
[Result "1/2-1/2"]
[WhiteElo "1480"]
[BlackElo "1641"]
[PlyCount "59"]
[EventDate "2023.??.??"]
[WhiteTeam "Potsdamer SV Mitte e.V."]
[BlackTeam "SG Rot-Weiß Neuenhagen"]

1. c4 e5 2. g3 Nc6 3. Bg2 Nf6 4. e4 Be7 5. Nc3 d6 6. Nge2 Bg4 7. O-O Nd4 8. f3
Nxe2+ 9. Nxe2 Bd7 10. d3 c6 11. Nc3 Qc8 12. Be3 Bh3 13. d4 Bxg2 14. Kxg2 Qd7
15. dxe5 dxe5 16. Qxd7+ Nxd7 17. Rad1 Bc5 18. Rxd7 Kxd7 19. Bxc5 b6 20. Be3
Rhd8 21. Rd1+ Ke6 22. Rxd8 Rxd8 23. Kf2 f6 24. Ke2 Rd7 25. b3 Rf7 26. Bc1 Rd7
27. Ba3 Rb7 28. Nd1 g6 29. Ne3 Rd7 30. Bb2 1/2-1/2

[Event "Lichtenberger Sommer 2023"]
[Site "Berlin"]
[Date "2023.08.19"]
[Round "8.85"]
[White "Lange, Christoph"]
[Black "Beduschi, Ben"]
[Result "1/2-1/2"]
[WhiteElo "1320"]
[BlackElo "1604"]
[PlyCount "74"]
[EventDate "2023.??.??"]
[WhiteTeam "TSG Oberschöneweide e.V."]
[BlackTeam "Barnimer SF im SV Sta"]

1. e4 c5 2. Nf3 g6 3. d4 cxd4 4. Nxd4 Nf6 5. Nc3 d6 6. Bb5+ Nbd7 7. O-O a6 8.
Be2 Bg7 9. Be3 O-O 10. Qd2 Nc5 11. f3 Qc7 12. Bh6 Bxh6 13. Qxh6 Qb6 14. Kh1
Qxb2 15. Qd2 Qb6 16. Rab1 Qc7 17. Nb3 Be6 18. Nd5 Bxd5 19. exd5 Nxb3 20. axb3
Qc5 21. c4 b5 22. Rfe1 b4 23. Bd3 Ra7 24. Qe3 Qxe3 25. Rxe3 Rfa8 26. Rbe1 Kf8
27. Bc2 Re8 28. Kg1 Nd7 29. g4 a5 30. f4 Nc5 31. Rh3 Kg7 32. Rhe3 f6 33. Kg2
Kf7 34. Rh3 Kg7 35. Rhe3 Kf8 36. Rh3 Kg8 37. Rhe3 Kf7 1/2-1/2

[Event "Lichtenberger Sommer 2023"]
[Site "Berlin"]
[Date "2023.08.19"]
[Round "8.86"]
[White "Pawlowski, Lion"]
[Black "Rotermund, Verena"]
[Result "1-0"]
[WhiteElo "1200"]
[BlackElo "1553"]
[PlyCount "63"]
[EventDate "2023.??.??"]
[WhiteTeam "SC Zugzwang 95 e.V."]
[BlackTeam "Vorw.Orient Mainz"]

1. c4 Nf6 2. Nc3 g6 3. g3 Bg7 4. Bg2 d6 5. Nf3 O-O 6. O-O e5 7. d3 h6 8. a3 Be6
9. Rb1 Qd7 10. Re1 Bh3 11. Bh1 Nh5 12. d4 exd4 13. Nxd4 c5 14. Ndb5 Rd8 15.
Nxd6 Nc6 16. Nde4 Qf5 17. Bd2 Nd4 18. Nb5 Nxb5 19. cxb5 c4 20. a4 Rac8 21. Qc1
Rd4 22. f3 Qd7 23. Bc3 f5 24. Nf2 Nxg3 25. hxg3 f4 26. g4 h5 27. Nxh3 hxg4 28.
Nf2 g3 29. Ng4 Re8 30. Bxd4 Bxd4+ 31. Kf1 Qf5 32. Nh6+ 1-0

[Event "Lichtenberger Sommer 2023"]
[Site "Berlin"]
[Date "2023.08.19"]
[Round "8.87"]
[White "Schmidt, Alexander Nadvid"]
[Black "Schacht, Thomas"]
[Result "1-0"]
[WhiteElo "1274"]
[BlackElo "1518"]
[PlyCount "91"]
[EventDate "2023.??.??"]
[WhiteTeam "SK Zehlendorf e.V."]
[BlackTeam "BSV 63 Chemie Weißensee"]

1. d4 d5 2. Bf4 e6 3. Nf3 c5 4. c3 cxd4 5. cxd4 Nc6 6. Nc3 Nf6 7. Nb5 Qa5+ 8.
Nc3 Ne4 9. Bd2 Nxd2 10. Qxd2 Bb4 11. a3 O-O 12. Rc1 Bd6 13. e3 a6 14. Bd3 e5
15. dxe5 Nxe5 16. Nxe5 Bxe5 17. O-O Be6 18. Qe2 Rac8 19. Qh5 f5 20. Ne2 Rxc1
21. Rxc1 Qd2 22. Bb1 g6 23. Qf3 Rc8 24. Rxc8+ Bxc8 25. g3 Qd1+ 26. Kg2 Qxb1 27.
Qxd5+ Kg7 28. Qxe5+ Kh6 29. Qf4+ Kg7 30. Qc7+ Kf6 31. Qxc8 Qe4+ 32. f3 Qxe3 33.
Qd8+ Kg7 34. Qc7+ Kh6 35. Qf4+ Qxf4 36. Nxf4 Kg5 37. Ne6+ Kf6 38. Nc5 b5 39.
Nxa6 Ke5 40. Nc7 Kd4 41. Nxb5+ Kc4 42. Nd6+ Kb3 43. g4 fxg4 44. fxg4 h6 45. Nf7
h5 46. g5 1-0

[Event "Lichtenberger Sommer 2023"]
[Site "Berlin"]
[Date "2023.08.19"]
[Round "8.88"]
[White "Rapp, David"]
[Black "Zesewitz, Uwe"]
[Result "1-0"]
[WhiteElo "1271"]
[BlackElo "1378"]
[PlyCount "119"]
[EventDate "2023.??.??"]
[WhiteTeam "SV Königsjäger Süd-West e.V."]
[BlackTeam "SV SF Friedrichshagen"]

1. d4 f5 2. c4 Nf6 3. Nc3 e6 4. Nf3 b6 5. e3 Bb4 6. Bd2 O-O 7. Be2 Bb7 8. a3
Bxc3 9. Bxc3 d6 10. O-O Qe8 11. h3 Nbd7 12. Nh2 Rb8 13. Bf3 a5 14. Bxb7 Rxb7
15. b4 Ne4 16. Be1 Qg6 17. bxa5 Ng5 18. Kh1 h5 19. Nf3 Nf6 20. Nxg5 Qxg5 21.
Qf3 Ne4 22. axb6 cxb6 23. g3 Qh6 24. h4 Rc7 25. Qe2 g5 26. Rg1 Rfc8 27. d5 e5
28. Qf3 Qg6 29. Rb1 Rxc4 30. Rxb6 Rc1 31. hxg5 Qxg5 32. Bb4 Rxg1+ 33. Kxg1 h4
34. Rc6 Rd8 35. Kh2 Rd7 36. gxh4 Qxh4+ 37. Kg1 Rg7+ 38. Kf1 Qg5 39. Ke2 Rd7 40.
Rc8+ Kg7 41. Kf1 Nf6 42. Qh1 Nh5 43. Qg2 Qxg2+ 44. Kxg2 Nf6 45. Rc6 Ne4 46. f3
Ng5 47. Rxd6 Rxd6 48. Bxd6 e4 49. f4 Nf3 50. a4 Kg6 51. a5 Kh5 52. Bb4 Kg4 53.
a6 Nd4 54. exd4 Kxf4 55. a7 Ke3 56. Bc5 f4 57. a8=Q f3+ 58. Kf1 f2 59. Qa2 Kf4
60. Qxf2+ 1-0